1673 1269 1789 1389 1179 1074 1667 1827 1444 1163 1105 1090 1607 1708 1827 1920 1537 1835 1046 1544 1904 1243 1032 1287 1380 1498 1380 1567 1549 1919 1475 1875 1026 1337 1932 1298 1499 1405 1611 1006 1143 1477 1093 1510 1319 1017 1267 1807 1601 1366 1024 1368 1204 1054 1465 1806 1567 1132 1328 1303 1071 1442 1213 1632 1393 1347 1661 1941 1488 1681 1056 1561 1771 1284 1335 1746 1910 1745 1437 1938 1374 1247 1000 1901 1182 1442 1068 1863 1697 1938 1736 1439 1871 1768 1560 1137 1991 1969 1572 BCNSPRNW ULIB Ver.6.0+V

เปลี่ยนเป็นภาษาไทย

Change to English
 แสดงรายละเอียดบรรณานุกรม
  กลับหน้าหลัก

Brief Record : Get Marc (ISO 2709) : E-mail record : QR code < ปิดหน้าต่าง
LEADER : 00000nam 2200000uu 4500
001    13399111693
003     ULIB
008    110706s2554||||th 000 0 tha d
020    9786165001380
090    นว.^bล258ด 2554
100 0   ลัลล์ลลิล
245 00  ดวงใจแห่งโรม/^cลัลล์ลลิล
260    กรุงเทพฯ :^bพิมพ์คำ,^c2554
300    552 หน้า
945    ^p300^l0^i18286
995     เกษร
999     ^aใช้งานได้ทุกระบบ
รายการนี้ยังไม่มีแท็ก
คุณยังไม่ได้ล็อกอิน คุณสามารถมีกิจกรรมร่วมกับเว็บไซต์ได้ แต่ต้องล็อกอินก่อน ::
  ล็อกอิน

รายการสื่อสารสนเทศ

ลำดับที่ ประเภท เลขเรียก/บาร์โค้ด สถานที่ สถานะ
1. วิทยาศาสตร์การแพทย์ และสุขภาพ
วิทยาศาสตร์การแพทย์ และสุขภาพ
นว. ล258ด 2554  
  Barcode: 18286
ห้องสมุดวิทยาเขตสวรรค์ประชารักษ์
►นวนิยาย
บนชั้น
  ขอยืม

รายการใกล้เคียง
    ผู้แต่ง [ลัลล์ลลิล]

BibComment


ยังไม่เคยถูกคอมเมนท์

คอมเมนท์ทรัพยากรรายการนี้
  คอมเมนท์: ดวงใจแห่งโรม ลัล..


 Copyright 2026. Bcnsprnw @Library